Persiste la violencia

Sábháilte in:
Sonraí bibleagrafaíochta
Formáid: Téacs
Ábhair:
Clibeanna: Cuir clib leis
Níl clibeanna ann, Bí ar an gcéad duine le clib a chur leis an taifead seo!

MARC

LEADER 00000 a a2200000 04500
001 6620
003
040
245 |a Persiste la violencia  
650 |a VIOLENCIA  
650 |a DELINCUENCIA  
650 |a RECESION ECONOMICA  
773 |g volumen 23, número 1026; páginas 14-16  
999 |c 24168  |d 24168